[Event "Junior Supporters"]
[Site "?"]
[Date "1972.12.27"]
[Round "1"]
[White "Dunham, D."]
[Black "Bailey, B."]
[Result "0-1"]
[WhiteElo "1472"]
[BlackElo "2063"]
[Annotator "Stockfish 13 (15s)"]
[PlyCount "80"]
[EventDate "1972.??.??"]

{A47: 1 d4 Nf6 2 Nf3 b6: Torre, London and Colle Systems} 1. d4 Nf6 2. Nf3 b6
3. g3 Bb7 4. Bg2 e6 5. O-O c5 6. Bg5 h6 (6... Be7 7. Nc3 a6 8. Bxf6 Bxf6 9. e4
cxd4 10. Nxd4 Qc8 11. Nce2 O-O 12. c3 d6 13. f4 Nd7 14. g4 g6 15. Nb3 Qc7 16.
f5 Rae8 17. fxe6 fxe6 18. Nf4 Bg7 19. Kh1 d5 20. Nh3 dxe4 21. Qe2 {
Vales,V (2194)-Kanovsky,D (2392) Litomysl 2004 0-1 (33)}) (6... cxd4 7. Qxd4
Bc5 8. Qh4 Be7 9. Qa4 Na6 10. c3 Nc5 11. Qd1 a6 12. Nbd2 Qc7 13. Bf4 d6 14. Nb3
O-O 15. Ne1 Bxg2 16. Kxg2 Nd5 17. Bd2 Ne4 18. f3 Nxd2 19. Qxd2 f5 20. Nc2 f4
21. Qd3 {Deutsch,L (2103)-Saxer,B (2030) Graz 2005 1-0 (32)}) 7. Bxf6 Qxf6 8.
Re1 $146 (8. c4 Nc6 9. d5 exd5 10. cxd5 Ne5 11. Nc3 Be7 12. Nd2 Qg6 13. a4 O-O
14. d6 Bxg2 15. dxe7 Rfe8 16. Kxg2 Rxe7 17. a5 b5 18. Nf3 Qc6 19. Qd5 b4 20.
Nxe5 Rxe5 21. Qxc6 dxc6 22. Na4 c4 {
Streich,G (2192)-Lange,T Germany 2002 1-0 (39)}) (8. c3 Qe7 9. Nbd2 cxd4 10.
cxd4 g6 11. e4 d5 12. e5 Bg7 13. Re1 O-O 14. Rc1 Nc6 15. Bf1 Rfc8 16. a3 Rc7
17. Re3 Rac8 18. Rec3 f6 19. exf6 Bxf6 20. Nb3 a5 21. Qd3 Kg7 22. Qb5 g5 {
Assad,K (2000)-Renault,J (1940) St Lorrain 1999 1-0 (31)}) (8. e3 Be7 $14) 8...
d5 (8... cxd4 $142 $5 9. Nxd4 Bxg2 10. Kxg2 Bc5 $11) 9. c4 $16 Be7 (9... cxd4
10. Nxd4 Bc5 11. e3 $16) 10. Nc3 cxd4 (10... O-O 11. cxd5 exd5 12. dxc5 Bxc5
13. Nxd5 Bxd5 14. Qxd5 $16) 11. Nxd4 Bc5 $2 (11... O-O 12. cxd5 Bb4 $18) 12. e3
(12. Qa4+ $142 $5 Nd7 13. e3 Qe7 $18) 12... O-O 13. cxd5 e5 $2 (13... Na6 14.
a3 exd5 15. Bxd5 Bxd5 16. Nxd5 Qe5 $18) 14. Ne4 Qg6 15. Nxc5 bxc5 16. Nb3 Nd7 (
16... Qb6 17. Rc1 Nd7 18. e4 $18) 17. Na5 Ba6 18. e4 Qb6 19. Nc6 (19. Qd2 $142
$5 c4 20. Rac1 Rac8 $18) 19... Rfe8 20. Qb3 (20. Qd2 $142 Bb5 21. Na5 c4 $18)
20... Rac8 (20... Bb5 21. Bh3 Nf8 $18) 21. Qxb6 axb6 22. Bh3 Rc7 23. b4 Bb5 (
23... Nb8 24. bxc5 bxc5 $18) 24. bxc5 (24. a4 $142 Bxc6 25. dxc6 $18) 24...
Nxc5 $16 25. Nb4 Ra7 26. Bf1 (26. Rab1 Bd7 27. Bxd7 Nxd7 $16) 26... Bd7 (26...
Bxf1 $142 $5 27. Kxf1 f6 $14) 27. Rab1 $16 Rc8 28. Nd3 (28. d6 $142 $5 $16)
28... Nxd3 $14 29. Bxd3 Rxa2 30. Rxb6 Rc3 (30... Bh3 31. Rc6 Rxc6 32. dxc6 $11)
31. Rd1 (31. Bf1 Bg4 32. h3 $14) 31... Bh3 32. Bb1 $4 (32. Rb8+ $142 Kh7 33.
Rbb1 $11) 32... Rd2 $19 33. Re1 (33. Rf1 Rf3 34. Bd3 Rfxd3 $19) 33... Rf3 34.
Rf1 (34. Rc6 Rfxf2 35. Rc2 Rg2+ 36. Kh1 Rxh2+ 37. Kg1 Rxc2 38. Bxc2 Rxc2 39.
Re3 $19) 34... Bxf1 (34... Rfxf2 $1 35. Rb8+ Kh7 36. Rh8+ Kxh8 37. Rc1 Rg2+ 38.
Kf1 Rxh2+ 39. Kg1 Rdg2+ 40. Kf1 Rh1#) 35. Kxf1 $19 Rfxf2+ 36. Ke1 Rfe2+ (36...
Rde2+ $142 37. Kd1 Rxh2 38. Rb8+ Kh7 $19) 37. Kf1 Rxh2 38. Ke1 Rb2 39. Rxb2
Rxb2 40. Bd3 Rg2 (40... Rg2 41. Bb5 Rxg3 $19) 0-1

[Event "Junior Supporters"]
[Site "?"]
[Date "1972.12.27"]
[Round "2"]
[White "Carter, B."]
[Black "Bailey, B."]
[Result "0-1"]
[WhiteElo "1793"]
[BlackElo "2063"]
[Annotator "Stockfish 13 (15s)"]
[PlyCount "66"]
[EventDate "1972.??.??"]

{D35: Queen's Gambit Declined: Exchange Variation} 1. c4 Nf6 2. Nc3 e6 3. Nf3
d5 4. cxd5 exd5 5. d4 Be7 6. g3 Be6 (6... O-O 7. Bg2 h6 8. O-O c5 9. dxc5 Bxc5
10. h3 Nc6 11. e3 Be6 12. a3 Be7 13. b4 Rc8 14. Bb2 Qd7 15. Kh2 Rfd8 16. Rc1 a6
17. Na4 Qe8 18. Nc5 Bxc5 19. Rxc5 Ne4 20. Rc1 Nd6 21. Nd4 {
Kudoke,W-Sack,B (2320) Germany 1992 1/2-1/2}) 7. Bg2 c6 $146 (7... Qc8 8. Bg5
Bh3 9. Bxh3 Qxh3 10. Bxf6 Bxf6 11. Nxd5 Qd7 12. Nxf6+ gxf6 13. O-O Nc6 14. Qc2
Nxd4 15. Qe4+ Ne6 16. Qxb7 O-O 17. Rfd1 Qc8 18. Qc6 h6 19. Qe4 Ng5 20. Qd4
Nxf3+ 21. exf3 Kg7 22. Rac1 {
Martinez Martinez,S (2204)-Sola Plans,J Barcelona 2001 1-0 (42)}) 8. O-O O-O 9.
Qc2 Nbd7 (9... h6 $142 $15) 10. Ne5 (10. Ng5 $142 Bg4 11. Nh3 $11) 10... Nxe5
$17 11. dxe5 Ng4 12. Rd1 (12. b3 Nxe5 13. Bb2 f6 $19) 12... Qb6 13. e4 $4 (13.
e3 $142 Nxe5 14. h3 $17) 13... Nxf2 $1 14. Be3 (14. Qxf2 Bc5 {Combination})
14... Qxe3 15. Qxf2 Qxf2+ (15... Bc5 $5 16. Qxe3 Bxe3+ 17. Kh1 $19) 16. Kxf2
Bc5+ 17. Kf1 (17. Ke2 dxe4 18. Nxe4 Bb6 $19) 17... dxe4 (17... d4 $142 18. Na4
Be7 19. Rxd4 $19) 18. Bxe4 (18. Nxe4 Bb6 19. Bf3 Bh3+ 20. Bg2 $19) 18... f6 19.
Kg2 fxe5 20. Bf3 Rad8 21. Rxd8 (21. Ne4 Bd4 $19) 21... Rxd8 22. Ne4 Bb6 23. b4
(23. b3 Kf8 $19) 23... Rd3 (23... Rd4 24. a3 Bd5 25. Re1 $19) 24. a4 Rb3 25. b5
Bd5 26. bxc6 Bxc6 (26... bxc6 $5 27. Rf1 Rb4 28. Re1 $19) 27. Ra2 Rb1 (27...
Re3 $5 28. a5 Bd8 29. Kf2 Rxe4 30. Bxe4 Bxe4 31. Re2 $19) 28. a5 Bd4 29. Ra3 (
29. Rc2 Kf8 30. Ng5 $19) 29... Rb2+ 30. Kh3 (30. Kf1 Kf7 $19) 30... Bg1 31. Rd3
(31. g4 Rxh2+ 32. Kg3 Rc2 $19) 31... Rxh2+ 32. Kg4 Bd4 33. Bd1 (33. Nd6 Bd7+
34. Kg5 $19) 33... Bxe4 (33... Bxe4 34. Rxd4 h5+ 35. Kg5 exd4 36. Bb3+ Kf8 $19)
0-1

[Event "Junior Supporters"]
[Site "?"]
[Date "1972.12.27"]
[Round "3"]
[White "Bailey, B."]
[Black "Pippin, G."]
[Result "0-1"]
[WhiteElo "2063"]
[BlackElo "1882"]
[Annotator "Stockfish 13 (15s)"]
[PlyCount "108"]
[EventDate "1972.??.??"]

{B04: Alekhine's Defence: 4 Nf3} 1. e4 Nf6 2. e5 Nd5 3. d4 d6 4. Nf3 Nc6 5. Bb5
Bd7 6. exd6 $146 (6. c4 Nb6 7. O-O (7. c5 Nd5 8. Bc4 e6 9. Bg5 Be7 10. Bxe7
Qxe7 11. cxd6 cxd6 12. O-O Nb6 13. Nbd2 d5 14. Bd3 g5 15. Nb3 O-O-O 16. a4 g4
17. Ne1 Qb4 18. Bb5 Kb8 19. Nd3 Qe7 20. Nbc5 Nc4 21. Nxd7+ Qxd7 {
Sanchez,L (2260)-Castro Rojas,O (2360) Bogota 1975 1-0 (42)}) (7. e6 Bxe6 8. d5
Bd7 9. dxc6 bxc6 10. c5 dxc5 11. Be2 Nd5 12. O-O e6 13. Nbd2 Bd6 14. Ne4 O-O
15. Qc2 Qe7 16. Bc4 f5 17. Bg5 Nf6 18. Nxd6 cxd6 19. Rfe1 h6 20. Bxf6 Qxf6 21.
Rad1 d5 {Schwier,M (2131)-Reinholz,S (2081) Dresden 2006 1-0 (32)}) (7. Nc3 Na5
8. Bxd7+ Qxd7 9. b3 O-O-O 10. O-O f6 11. Bd2 Nc6 12. e6 Qe8 13. d5 Ne5 14. a4
Qh5 15. Nxe5 Qxd1 16. Raxd1 dxe5 17. a5 Na8 18. Ne4 h6 19. Nc5 g5 20. Nd7 Rxd7
21. exd7+ Kxd7 {Zimmermann,F-Eberhardt,F St Ingbert 1987 1-0 (54)}) 7... a6 8.
Bxc6 bxc6 9. b3 Bg4 10. Nbd2 e6 11. Bb2 Be7 12. h3 Bh5 13. Ne4 O-O 14. Ng3 Bg6
15. Qd2 d5 16. c5 Nd7 17. Rfe1 Qb8 18. Nh2 Qb5 19. f4 Bh4 20. Qc3 Rfb8 {
Nesterenko,N-Kaskevich,R Tomsk 2001 1-0 (66)}) (6. c4 Nb6 7. Nc3 a6 8. Bxc6
bxc6 $16) 6... cxd6 (6... exd6 7. c3 $14) 7. c4 $16 Nc7 8. Ba4 e6 9. O-O d5 (
9... Be7 10. Nc3 Na5 11. Bxd7+ Qxd7 12. Qe2 $16) 10. c5 b6 11. cxb6 (11. Bxc6
$5 Bxc6 12. b4 $16) 11... axb6 12. Bf4 Nb4 $2 (12... b5 $142 13. Bxc7 Qxc7 14.
Bxb5 Bd6 $16) 13. Bxd7+ $18 Qxd7 14. a3 $4 (14. Ne5 $142 Qd8 15. Nc3 $18) 14...
Bd6 $14 15. Ne5 Bxe5 16. Bxe5 f6 (16... O-O $5 $11) 17. Bxc7 $14 Qxc7 18. Nc3
Nc6 19. Re1 Kf7 20. Nb5 (20. Rc1 Qd7 $14) 20... Qd7 $14 21. Rc1 (21. Qh5+ $142
g6 22. Qh3 $11) 21... Rac8 $4 (21... Rhc8 22. h4 $11) 22. Qg4 $4 (22. Qh5+ $142
Kg8 23. a4 $18) 22... h5 23. Qg3 Rhd8 (23... h4 24. Qg4 $11) 24. Rc3 (24. h3
$142 $5 $16) 24... Ne7 $11 25. Rxc8 Nxc8 26. Nc7 h4 (26... Kg8 27. Kf1 (27.
Rxe6 $2 Nd6 $19) 27... e5 28. Rc1 exd4 29. Qd3 $11) 27. Qc3 (27. Qf4 $5 $14)
27... Nd6 $11 28. Nxe6 (28. Rxe6 $4 Kg8 29. h3 Rc8 $19) 28... Ne4 $4 (28... Re8
$142 29. Nf4 Nb5 $11) 29. Nxd8+ $18 Qxd8 30. Qc6 Qd6 31. Qb7+ Kg6 32. f3 Ng5
33. Re7 (33. Qc8 $142 Qf4 34. Qg4 Qd2 35. Qxh4 Qxb2 $18) 33... Qf4 34. Qxb6 (
34. Qxd5 $142 Qc1+ 35. Kf2 $18) 34... h3 35. Qb3 $4 (35. Qb5 $142 Qxd4+ 36. Kf1
Qd1+ 37. Kf2 hxg2 38. Qe8+ Kf5 39. Qd7+ Kg6 40. Qe8+ (40. Rxg7+ Kh6 41. Rh7+
Nxh7 42. Kxg2 Qe2+ 43. Kg3 Qe1+ 44. Kg2 Qe2+ 45. Kg3 Qe5+ 46. f4 Qe3+ 47. Kg2
d4 $19) 40... Kf5 41. Qc8+ Kg6 42. Qe8+ $11) 35... Qxd4+ (35... Qd2 36. gxh3
Nxh3+ 37. Kh1 Nf4 38. Qd3+ Qxd3 39. Kg1 Qxf3 40. Rxg7+ Kxg7 41. b3 Nh3#) 36.
Re3 $18 hxg2 (36... f5 37. Qc3 Qb6 $18) 37. Qd3+ (37. Kxg2 $142 Qd2+ 38. Kg3
$18) 37... Qxd3 $19 38. Rxd3 Nh3+ 39. Kxg2 Nf4+ 40. Kf1 Nxd3 41. b4 Kf5 42. Ke2
Nb2 43. b5 Ke6 44. b6 Kd6 45. b7 Kc7 46. Kd2 Kxb7 47. Kc3 Na4+ 48. Kb4 Nb6 49.
Kc5 Kc7 50. f4 g6 51. h3 Kd7 52. a4 Nxa4+ 53. Kxd5 Nc3+ 54. Kd4 Ke6 0-1

[Event "Junior Supporters"]
[Site "?"]
[Date "1972.12.28"]
[Round "4"]
[White "Gentala, W."]
[Black "Bailey, B."]
[Result "1/2-1/2"]
[WhiteElo "2089"]
[BlackElo "2063"]
[Annotator "Stockfish 13 (15s)"]
[PlyCount "80"]
[EventDate "1972.??.??"]

{A03: Bird's Opening with 1...d5} 1. f4 d5 2. Nf3 Nc6 3. e3 Bg4 4. Bb5 Qd7 5.
h3 (5. d4 a6 6. Be2 Bxf3 7. Bxf3 e6 8. O-O Nf6 9. Nd2 Be7 10. c3 O-O 11. e4
dxe4 12. Nxe4 Nxe4 13. Bxe4 Bf6 14. f5 e5 15. d5 Ne7 16. c4 Rfd8 17. Be3 Nc8
18. c5 Ne7 19. c6 bxc6 {
Reinderman,D (2525)-Berelovich,A (2468) Hoogeveen 1999 0-1 (40)}) (5. b3 O-O-O
6. Bb2 f6 7. d4 Nh6 8. O-O Nf5 9. Qe2 Nd6 10. Nbd2 a6 11. Bd3 Nb4 12. c4 Nxd3
13. Qxd3 Bf5 14. Qe2 Ne4 15. Rac1 e6 16. c5 c6 17. b4 Bg4 18. a4 Nxd2 19. Qxd2
Bxf3 {Jorgensen,O (1771)-Eddy,S (2069) Copenhagen 2006 0-1 (52)}) 5... Bxf3 6.
Qxf3 a6 $146 (6... e6 7. d3 Nge7 8. c3 Nf5 9. e4 dxe4 10. dxe4 Nd6 11. Ba4 b5
12. Bb3 Rd8 13. Nd2 Na5 14. O-O g6 15. e5 Ndc4 16. Ne4 Be7 17. Bxc4 Nxc4 18. b3
Nb6 19. Ba3 Qd3 20. Nd6+ Bxd6 21. Qc6+ {
Lerch,M-Maahs,E (2275) Baden-Baden 1993 1-0}) 7. Bxc6 Qxc6 8. Nc3 Nf6 9. d3 (9.
b3 e6 10. Bb2 h5 $11) 9... e6 10. g4 Be7 11. Bd2 b5 12. Rc1 b4 13. Ne2 Qa4 (
13... O-O $11) 14. Nd4 (14. b3 $142 $5 Qb5 15. g5 $14) 14... c5 $17 (14... Qxa2
$143 15. O-O Qa5 16. g5 $14) 15. b3 Qd7 16. Ne2 Qd6 (16... O-O 17. O-O $17) 17.
O-O $11 g6 (17... O-O 18. Rcd1 $11) 18. Ng3 h5 (18... O-O 19. Rcd1 $11) 19. g5
Nd7 20. h4 (20. e4 h4 21. Nh1 dxe4 22. Qxe4 Qd5 $11) 20... Nb6 (20... O-O 21.
Nxh5 gxh5 22. Qxh5 $11) 21. Rf2 a5 22. e4 a4 $2 (22... dxe4 $142 23. Nxe4 Qd7
$11) 23. f5 $16 Rf8 $2 (23... Kd7 24. c4 bxc3 25. Bxc3 $16) 24. c4 $4 (24. f6
$142 Bd8 25. exd5 Nxd5 26. c3 bxc3 27. Ne4 $18) 24... d4 $4 (24... bxc3 $142
25. Bxc3 d4 $18) 25. e5 $18 Qc7 26. fxg6 (26. f6 $142 $5 Bd8 27. a3 axb3 28.
axb4 Ra2 $18) 26... fxg6 27. Qe4 Rg8 $4 (27... Rxf2 28. Kxf2 axb3 29. Qxg6+ Kd8
30. Qxe6 bxa2 $18) 28. Rcf1 $18 axb3 (28... O-O-O 29. Rf7 Rd7 30. Bf4 $18) 29.
axb3 Ra2 (29... Ra6 30. Nxh5 $1 Nd7 31. Nf6+ Bxf6 32. exf6 Kf7 $18) 30. Qe2 (
30. Nxh5 $142 Ra6 31. Nf6+ Bxf6 32. gxf6 $18) 30... Nd7 $14 31. Nxh5 Qxe5 $4 (
31... gxh5 $142 32. Qxh5+ Kd8 $14) 32. Nf6+ (32. Qf3 $142 Rf8 33. Bf4 Rxf2 34.
Rxf2 Qe1+ 35. Rf1 Qe3+ 36. Bxe3 Rxf3 37. Ng7+ Kf7 38. Rxf3+ Kxg7 $18) 32...
Bxf6 33. gxf6 Kf7 (33... Rf8 34. Qg4 Rxd2 35. Rxd2 Nxf6 36. Qxg6+ Ke7 37. Qg7+
Rf7 38. Qg5 Qxg5+ 39. hxg5 $18) 34. Qf3 Qc7 (34... Rd8 35. Re1 Qh5 36. Qe4 $18)
35. Bf4 Rxf2 36. Rxf2 (36. Bxc7 $4 Rxf3 37. Rxf3 Ra8 $19) (36. Kxf2 $143 Qb6
37. Ra1 Rh8 $18) (36. Qxf2 $6 e5 37. Bg5 Qc6 $11) 36... Qa7 (36... Qb6 37. h5
e5 $18) 37. Qc6 Rd8 38. Bc7 Nb8 39. Bxb8 Qxb8 40. Qxc5 (40. Rg2 $142 Qa7 41.
Qe4 $18) 40... Qg3+ $11 1/2-1/2

[Event "Junior Supporters"]
[Site "?"]
[Date "1972.12.28"]
[Round "5"]
[White "Bailey, B."]
[Black "Rogers, D."]
[Result "1-0"]
[WhiteElo "2063"]
[BlackElo "1845"]
[Annotator "Stockfish 13 (15s)"]
[PlyCount "99"]
[EventDate "1972.??.??"]

{C97: Closed Ruy Lopez: Chigorin Defence: 11 d4 Qc7, sidelines} 1. e4 e5 2. Nf3
Nc6 3. Bb5 a6 4. Ba4 Nf6 5. O-O Be7 6. Re1 b5 7. Bb3 d6 8. c3 Na5 9. Bc2 c5 10.
h3 O-O 11. d4 Qc7 12. Nbd2 Re8 13. Nf1 Bf8 14. Bg5 Nd7 15. d5 $146 (15. Ne3 Nb6
16. Qd3 (16. b3 f6 17. Bh4 Be6 18. d5 Bd7 19. Nh2 c4 20. b4 Nb7 21. Nhg4 Kh8
22. Nf5 Bxf5 23. exf5 a5 24. Re3 Qf7 25. Be4 Ra7 26. f3 Rea8 27. a3 Be7 28. Bf2
Bd8 29. Qc1 axb4 30. cxb4 Nxd5 {
Ujtumen,T (2400)-Ivkov,B (2520) Havana 1966 0-1 (39)}) (16. Bh4 Nac4 17. b3
Nxe3 18. fxe3 g6 19. Rf1 h6 20. d5 Bg7 21. Nh2 Rf8 22. Qe2 c4 23. b4 a5 24. Ng4
Nd7 25. a4 h5 26. Nh2 axb4 27. cxb4 bxa4 28. Rxa4 Rxa4 29. Bxa4 Nb6 30. Bc6 Qa7
{Gurbanov,S (2085)-Rahimov,B Baku 2004 0-1 (56)}) (16. d5 Nac4 17. Qc1 Nxe3 18.
Bxe3 Nc4 19. Bg5 f6 20. Bh4 g5 21. Bg3 Re7 22. a4 Ra7 23. Nh2 h5 24. f3 Rh7 25.
b3 Nb6 26. axb5 axb5 27. Bd1 Bh6 28. Rxa7 Qxa7 29. Qb2 Qa6 30. Be2 Ra7 {
Safvat,Y-Cuellar Gacharna,M (2395) Moscow 1956 0-1 (64)}) 16... f6 17. Nd5 Qd8
18. Nxb6 Qxb6 19. Be3 c4 20. Qf1 Qc7 21. Nd2 g5 22. f3 Nb7 23. Qf2 Be6 24. Nf1
Nd8 {1/2-1/2 (24) Sergeant,E-Mackenzie,A Scarborough 1909}) (15. Qe2 Nb6 16.
Rad1 Be6 17. b3 f6 18. Bc1 Bf7 19. d5 c4 20. b4 Nb7 21. g4 a5 22. a3 axb4 23.
axb4 Ra2 24. Be3 Rea8 25. Rc1 R8a3 26. Bd2 Na4 27. Bxa4 Rxa4 28. Ng3 Qc8 29.
Qf1 g6 {Matanovic,A (2515)-Bolbochan,J Moscow 1956 1/2-1/2 (39)}) 15... f6 (
15... Nb6 16. Ng3 $16) 16. Bh4 (16. Bd2 $5 $16) 16... Nb6 17. b3 Nb7 18. g4 Qf7
(18... c4 19. Ne3 $11) 19. Bg3 (19. a4 $142 $5 $16) 19... c4 $11 20. b4 a5 (
20... Bd7 21. N3d2 $11) 21. a3 (21. a4 $142 $5 $16) 21... Bd7 $11 22. Qe2 $2 (
22. N3d2 Qe7 $11) 22... axb4 (22... Ra6 $142 $17) 23. axb4 $11 Na4 $2 (23...
Reb8 $142 $11) 24. Bxa4 $18 bxa4 25. Qxc4 Rec8 (25... g6 26. Ne3 $18) 26. Qd3
Qe8 (26... g6 27. c4 $18) 27. N3d2 g6 28. f3 (28. Ne3 Bh6 $18) 28... Bh6 (28...
Nd8 29. c4 $18) 29. Bf2 Bf4 (29... f5 30. c4 $18) 30. Be3 (30. c4 $142 Qf8 31.
Ne3 h5 $18) 30... g5 $2 (30... Nd8 $142 31. Nc4 Ra6 $16) 31. Kg2 h5 (31... Nd8
32. c4 $18) 32. Ng3 hxg4 (32... Bxe3 33. Qxe3 h4 34. Nf5 $18) 33. hxg4 Nd8 34.
c4 Nf7 (34... Qe7 35. Rec1 $18) 35. Nh5 Qd8 36. c5 Bxe3 (36... dxc5 37. bxc5
Ra5 38. Rec1 $18) 37. Qxe3 (37. Rxe3 $143 dxc5 38. bxc5 Rxc5 $11) 37... dxc5
38. bxc5 Kh7 (38... Bb5 39. Rec1 $18) 39. Nc4 Ra6 40. Nb6 Rb8 41. Reb1 Kg6 (
41... Be8 $18) 42. Nxd7 Rxb1 43. Rxb1 Qxd7 44. c6 Qc8 (44... Qd8 45. Qc5 Ra5
$18) 45. Qc5 a3 46. Qe7 Qd8 47. Qxd8 Nxd8 48. c7 a2 (48... Ra8 49. Rb8 Nb7 50.
c8=Q Rxb8 51. Qf5+ Kf7 52. Qd7+ Kf8 53. Qg7+ Ke8 54. Nxf6+ Kd8 55. Qd7#) 49.
cxd8=Q axb1=Q (49... Ra7 50. Qxf6+ Kh7 51. Qf5+ Kh6 52. Rb6#) 50. Qg8+ (50.
Qg8+ Kh6 51. Qg7#) 1-0

[Event "Washington Open"]
[Site "?"]
[Date "1973.01.06"]
[Round "1"]
[White "Wickman, L."]
[Black "Bailey, B."]
[Result "0-1"]
[WhiteElo "1815"]
[BlackElo "2063"]
[Annotator "Stockfish 14 (15s)"]
[PlyCount "54"]
[EventDate "1973.??.??"]

{C91: Closed Ruy Lopez: 7...d6 8 c3 0-0 9 d4} 1. e4 e5 2. Nf3 Nc6 3. Bb5 a6 4.
Ba4 Nf6 5. O-O Be7 6. Re1 b5 7. Bb3 d6 8. c3 O-O 9. d4 Bg4 10. Qd3 Bxf3 11.
Qxf3 exd4 12. Bd5 (12. Bf4 Qd7 (12... dxc3 13. Nxc3 Nd4 14. Qd3 Nxb3 15. axb3
Nd7 16. b4 Bf6 17. Rad1 Ne5 18. Qe2 Ng6 19. Bg3 Bxc3 20. bxc3 Qf6 21. Qc2 h5
22. f3 h4 23. Bf2 h3 24. Bd4 Qg5 25. g3 Ne5 26. Qe2 Nc4 27. f4 {
Solsona,R-Verdejo,J Escobar 2004 0-1 (44)}) 13. a4 Ne5 14. Bxe5 dxe5 15. cxd4
Qxd4 16. Nc3 c6 17. Rad1 Qb6 18. axb5 axb5 19. Rd3 Rad8 20. Red1 Rxd3 21. Rxd3
Rd8 22. h3 g6 23. g4 h6 24. Kg2 Kg7 25. Kg3 Rxd3 26. Qxd3 Qd4 {
Ciuha,J (1938)-Timoscenko,G (2504) Feffernitz 2004 0-1 (43)}) 12... Nxd5 13.
exd5 Ne5 14. Qg3 $2 $146 (14. Qe4 dxc3 15. Nxc3 (15. f4 Ng6 16. Nxc3 Re8 17.
Be3 Bh4 18. Qd3 Bxe1 19. Rxe1 Qh4 20. Rf1 Re7 21. Qd2 Rae8 22. Rf3 b4 23. Ne2
Rxe3 24. Rxe3 Rxe3 25. g3 Qe7 26. Kf2 Rxe2+ {
0-1 (26) Carrizales,J-Agaian,S San Antonio 1999}) 15... f5 16. Qe2 f4 17. Qe4
f3 18. g3 Qd7 19. Nd1 Qh3 20. Ne3 Bg5 {0-1 (20) Weiss,D-Czech,T Saarland 1998})
(14. Qe2 d3 15. Qe3 Re8 16. f4 Bh4 17. Rf1 Ng4 18. Qxd3 Bf2+ 19. Rxf2 Qh4 20.
Qg3 Re1+ 21. Rf1 Rxf1+ 22. Kxf1 Nxh2+ 23. Kf2 Qh5 24. Nd2 Ng4+ 25. Kg1 Re8 26.
Nf1 Re2 27. Be3 Rxb2 28. Bd4 Qg6 {Tavares,M-Pinto Paiva,J Recife 1963 1-0 (49)}
) (14. Qd1 $142 dxc3 15. Nxc3 $17) 14... Bh4 15. Qh3 Qf6 16. Re2 $4 (16. Rf1
Ng6 17. g3 $19) 16... Rae8 (16... d3 17. Be3 dxe2 18. Nd2 $19) 17. f4 (17. cxd4
Nf3+ $3 18. Qxf3 Qxf3 19. gxf3 Rxe2 $19) 17... d3 18. Re4 Qg6 (18... Ng4 $142
$1 19. Nd2 Nf2 20. Qe3 Nxe4 21. Nxe4 $19) 19. Nd2 Qg4 (19... Ng4 20. Qxh4 Rxe4
21. Nxe4 Qxe4 22. h3 $19) 20. Qxg4 $4 (20. fxe5 $142 Qd1+ 21. Nf1 $18) 20...
Nxg4 $19 21. Rxe8 Rxe8 22. Nf3 Bf2+ 23. Kf1 Re2 24. a4 Be3 25. axb5 (25. h3
Rf2+ 26. Ke1 Re2+ 27. Kf1 Bxc1 28. hxg4 Bxb2 $19) 25... Bxc1 (25... Rf2+ 26.
Ke1 Bxc1 27. Rxc1 Rxg2 28. Rd1 Re2+ 29. Kf1 Ne3+ 30. Kg1 Nxd1 31. b6 cxb6 32.
Nd4 Re1+ 33. Kg2 Ne3+ 34. Kf2 d2 35. Nf3 Ng4+ 36. Kg3 Re3 37. Kg2 d1=Q 38. Nd4
Qd2+ 39. Ne2 Qxe2+ 40. Kg1 Qf2+ 41. Kh1 Re1#) 26. bxa6 (26. Rxc1 Ne3+ 27. Kg1
axb5 $19) 26... Rf2+ 27. Ke1 d2+ (27... d2+ 28. Nxd2 Bxd2+ 29. Kd1 Ne3#) 0-1

[Event "Washington Open"]
[Site "?"]
[Date "1973.01.06"]
[Round "2"]
[White "Bailey, B."]
[Black "Heathcote, J."]
[Result "1-0"]
[WhiteElo "2063"]
[BlackElo "1745"]
[Annotator "Stockfish 14 (15s)"]
[PlyCount "49"]
[EventDate "1973.??.??"]

{C18: French: 3 Nc3 Bb4: Main line: 7 h4 and 7 Qg4} 1. e4 e6 2. d4 d5 3. Nc3
Bb4 4. e5 c5 5. a3 Bxc3+ 6. bxc3 Qc7 7. Nf3 Bd7 8. Be2 Ba4 (8... cxd4 9. cxd4
Ba4 10. Ra2 Ne7 11. O-O O-O 12. Bd3 Ng6 13. h4 Rc8 14. h5 Nf8 15. h6 g6 16. Rb2
Nc6 17. Bd2 a6 18. Qc1 b5 19. Bb4 Nxb4 20. axb4 Nd7 21. Qf4 Qc3 22. Rfb1 Qc7
23. Ng5 {Cabart,P-Ryslink,D (2014) Prague 2006 0-1 (36)}) 9. O-O (9. Ra2 Nc6
10. O-O c4 11. Ng5 h6 12. Nh3 O-O-O 13. Nf4 Nge7 14. Nh5 Rhg8 15. f4 Kb8 16.
Bg4 Ka8 17. Bh3 Qa5 18. Bd2 Qb6 19. Kh1 Nb8 20. g4 g6 21. Ng3 Bc6 22. a4 a5 23.
Qa1 Rdf8 {Olszewski,M (2197)-Kornasiewicz,J (2165) Polanica Zdroj 2004 0-1 (33)
}) 9... cxd4 10. cxd4 Qxc2 $4 $146 (10... Bxc2 11. Bb5+ Nd7 12. Qe2 (12. Bxd7+
Kxd7 13. Qd2 Ne7 14. a4 Bg6 15. Ba3 Nc6 16. a5 Qxa5 17. Qf4 Qd8 18. Rfc1 Ke8
19. h4 h6 20. Bd6 Be4 21. Qg4 g5 22. Ra3 Bf5 23. Qg3 g4 24. Rb3 Qd7 25. Rbc3 f6
26. Rxc6 bxc6 {Alkhazashvili,O (2059)-Schmidt,M (2094) Germany 2004 1-0 (53)})
12... a6 13. Bxd7+ Kxd7 14. a4 Bb3 15. Nd2 Qc2 16. Qf3 Bxa4 17. Qxf7+ Ne7 18.
Ba3 Rae8 19. Rab1 Bc6 20. Nb3 Rhf8 21. Nc5+ Qxc5 22. Qxe8+ Rxe8 23. Bxc5 Bb5
24. Rfc1 Nc6 25. f4 {Oettinger,H (2010)-Schmitz,A (2130) Seefeld 1998 1-0 (51)}
) (10... Bxc2 $142 11. Bb5+ Nd7 $14) 11. Bb5+ $3 $18 Nd7 (11... Bxb5 12. Qxc2 {
Deflection}) 12. Bxa4 Qc7 (12... Qxd1 13. Bxd1 Ne7 14. a4 $18) 13. Be3 (13. Bd2
$5 Ne7 $18) 13... Ne7 14. Rc1 Nc6 15. Bxc6 bxc6 16. Qa4 (16. Ng5 h6 17. Nh3 Nb6
$18) 16... Rc8 (16... O-O 17. Rc3 $18) 17. Rc2 (17. Bd2 O-O 18. Bb4 Rfd8 $18)
17... Qb7 (17... Nb6 18. Qa6 $18) 18. Rfc1 Nb6 19. Qb4 Qa8 (19... Qe7 20. Bd2
$18) 20. Nd2 (20. Bg5 $142 $5 c5 21. dxc5 Nc4 $18) 20... f6 (20... Qb7 21. a4
Qe7 22. Qb3 $18) 21. Qd6 Kf7 22. Rxc6 Rxc6 23. Rxc6 (23. Qxc6 $6 Rc8 24. Qxa8
Rxc1+ (24... Nxa8 $4 25. Rxc8 Nb6 26. Rc7+ Kg6 27. Rxa7 $18) 25. Nf1 Rxf1+ (
25... Nxa8 26. Bxc1 Nb6 27. Nd2 $18) 26. Kxf1 Nxa8 27. exf6 Kxf6 $11) 23... Re8
(23... Qxc6 24. Qxc6 Re8 $18) 24. Rc7+ Kg6 (24... Kg8 25. exf6 Kh8 26. Qg3 Re7
27. Rxe7 g6 28. Rxh7+ Kxh7 29. Qc7+ Nd7 30. Qxd7+ Kh8 31. Qg7#) 25. exf6 (25.
exf6 Nd7 26. Qg3+ Kxf6 27. Qg5+ Kf7 28. Rxd7+ Re7 29. Rxe7+ Kg8 30. Qxg7#) 1-0

[Event "Washington Open"]
[Site "?"]
[Date "1973.01.06"]
[Round "3"]
[White "McCormick, J."]
[Black "Bailey, B."]
[Result "1-0"]
[WhiteElo "2259"]
[BlackElo "2063"]
[Annotator "Stockfish 14 (15s)"]
[PlyCount "27"]
[EventDate "1973.??.??"]

{D27: Queen's Gambit Accepted: Classical main line: 7 e4!? and 7 a4} 1. d4 d5
2. c4 dxc4 3. Nf3 Nf6 4. e3 e6 5. Bxc4 c5 6. O-O a6 7. e4 Nxe4 8. d5 b5 9. dxe6
Qxd1 10. exf7+ Ke7 11. Rxd1 Bb7 $4 $146 (11... bxc4 12. Re1 Kxf7 13. Rxe4 Be7
14. Ne5+ Kf6 15. Nxc4 Bf5 16. Bg5+ Kxg5 17. Rxe7 Kf6 18. Rc7 Rd8 19. Nc3 Nd7
20. Re1 Re8 21. Rd1 Ne5 22. Rd6+ Kg5 23. Rxg7+ Ng6 24. Ne3 Rad8 25. h4+ Kf4 26.
Ne2+ {Kliun,B-Semenenko,D Kiev 2004 1-0}) (11... bxc4 12. Re1 Bb7 $18) 12. Bd3
Kxf7 (12... Nd6 13. a4 Bxf3 14. gxf3 b4 $18) 13. Bxe4 Bxe4 14. Ng5+ (14. Ng5+
Kg6 15. Nxe4 $18) 1-0